000 02096cad a22004095a 4500
001 L159484
005 20250929141729.0
008 130206s2013 xxk f 000 0 eng d
020 _a9781783210053
035 _a(Sirsi) u159484
041 0 _aeng
050 0 4 _a692.8 $2 18
110 2 _aRoyal Institution of Chartered Surveyors
_94900
245 _aTermination of contract, corporate recovery and insolvency
_h[electronic resource]
260 _aLondon
_bRICS
_c2013
300 _a28p.
490 0 _aRICS Guidance Note
490 0 _aRICS Practice Information
490 0 _aRICS Black Book
520 _aReviews termination of contract, corporate recovery and insolvency primarily from the perspective of a chartered surveyor with a commensurate level of specialism. It also deals with the main issues encountered in and associated with a construction project. It reviews the main type of insolvency and termination issues for generic contracts - the processes, the parties to them, their purpose and general terms.
520 _aThis document was reissued in September 2025 as practice information. It had previously been published in June 2013 as a guidance note. The regulatory requirements remain the same and no material changes have been made to the document.
590 _aKA
650 2 4 _aCOMPANY VOLUNTARY ARRANGEMENTS
650 2 4 _aLIQUIDATION
650 2 4 _aADMINISTRATIVE RECEIVERSHIP
650 2 4 _aCONTRACTUAL OBLIGATIONS
650 2 4 _aTERMINATION OF CONTRACT
650 2 4 _aINSOLVENCY
_96247
650 2 4 _aRICS BLACK BOOK
650 2 4 _aRICS QS AND CONSTRUCTION STANDARDS
651 4 _aUnited Kingdom
690 _aContracts
_96232
700 1 _aWillifer, Nigel
856 4 0 _uhttps://www.rics.org/uk/upholding-professional-standards/sector-standards/construction/black-book/termination-of-contract-corporate-recovery-and-insolvency/
_zAvailable free on RICS.org
856 4 0 _uhttps://www.rics.org/content/dam/ricsglobal/documents/standards/Lenders-Independent-Monitoring-Surveyor_1st-edition.pdf
_zRICS Practice Information PDF
942 _n0
_2ddc
999 _c115944
_d115944